00274nam a2200109Ia 4500100002800000654002200028245003800050260003500088082002100123300000800144546001200152 aTocci/R.J & oliver M.E  aeletronic devices aFundamentals of eletronic devices bMacmillan pubaSingaporec1991 a621.3815bTOC/OL a688 aENGLISH